UBT Library

Multidisciplinary perspectives on population and conflict / (Record no. 40347)

000 -LEADER
fixed length control field 00676cam a2200241 a 4500
001 - CONTROL NUMBER
control field 2367497
005 - DATE AND TIME OF LATEST TRANSACTION
control field 20180116040407.0
008 - FIXED-LENGTH DATA ELEMENTS--GENERAL INFORMATION
fixed length control field 840410s1984 nyua b 001 0 eng
010 ## - LIBRARY OF CONGRESS CONTROL NUMBER
LC control number 84002641
020 ## - INTERNATIONAL STANDARD BOOK NUMBER
International Standard Book Number 0815623143
020 ## - INTERNATIONAL STANDARD BOOK NUMBER
International Standard Book Number 0815623151 (pbk.)
040 ## - CATALOGING SOURCE
Original cataloging agency DLC
Transcribing agency DLC
Modifying agency DLC
-- OCoLC
041 ## - LANGUAGE CODE
Language code of text/sound track or separate title eng
080 ## - UNIVERSAL DECIMAL CLASSIFICATION NUMBER
Universal Decimal Classification number 304.6 CHOU
082 00 - DEWEY DECIMAL CLASSIFICATION NUMBER
Classification number 304.6 CHOU
Edition number 19
100 ## - Rafti
Rafti 50
101 ## - Shkurtesa
Shkurtesa SOC
245 00 - TITLE STATEMENT
Title Multidisciplinary perspectives on population and conflict /
Statement of responsibility, etc edited by Nazli Choucri.
504 ## - BIBLIOGRAPHY, ETC. NOTE
Bibliography, etc Includes bibliographies and index.
740 0# - ADDED ENTRY--UNCONTROLLED RELATED/ANALYTICAL TITLE
Uncontrolled related/analytical title Population and conflict.
906 ## - LOCAL DATA ELEMENT F, LDF (RLIN)
a 7
b cbc
c orignew
d 1
e ocip
f 19
g y-gencatlg
942 ## - ADDED ENTRY ELEMENTS (KOHA)
Source of classification or shelving scheme
Item type Books
Holdings
Withdrawn status Lost status Source of classification or shelving scheme Damaged status Not for loan Collection code Permanent location Current location Shelving location Date acquired Total Checkouts Full call number Barcode Date last seen Price effective from Koha item type
          Koleksioni i përgjithshem UBT - Lipjan UBT - Lipjan Koleksioni i përgjithshem 01/16/2018   304.6 CHOU 002-2995485 01/16/2018 01/16/2018 Books
          Koleksioni i përgjithshem UBT - Lipjan UBT - Lipjan Koleksioni i përgjithshem 01/16/2018   304.6 CHOU 002-2995490 01/16/2018 01/16/2018 Books
UBT Library © 2015-2024. All rights reserved University Education for Business and Technology